000
00304nam a22001097a 4500
040
_c
RUA
082
_a
VOL JAN 1997 C227 Or.
100
_a
Gold Coast, Australia.
245
_a
Australian Agricultural and Resource Economics Society 41st Annual Conference.
260
_a
phnom penh
_b
rua
_c
1997
942
_c
EK
999
_c
21331
_d
21331